000 01077 a2200169 4500
003 Nust
005 20170207153455.0
040 _cNust
082 _a915.9
100 _aHarrison, Brian
245 _aSouth East Asia
_cBrian Harrison
260 _aLondon
_bMacmillan & co
300 _a268:p
505 _aThe Human Texture of South-east Asia (page-1) Early Chinese and Indian Influences (page-9) Early Indianized States (Page-21) Indianized State of the Indo-Chinese peninsula (Page-32) Indianized State of Sumatra and Java (Page-41) The Coming of Islam (page-50) The Coming of the West (Page-61) The Portuguese Century (page-72) Dutch and English beginnings (page-87) European Company trade in the (Page-106) Commerce and Conflict in the (Page-126) The Shaping of a New Balance of power (page-151) The Advance of British and – (page-171) The Beginnings of The New Colonialism (Page-190) Capital and Development (page-206) Population (page-219) The Growth of Nationalism (page-236) The Aftermath of war (Page-253)
538 _aAlmirah No.60 Shelf No.2
650 _aSouth Asia
942 _2ddc
_cBK
999 _c187077
_d187077